02099cam a2200289 4500952015000000999001700150001000800167003000900175005001700184008004100201010001700242040002800259043001200287050001600299082001800315245012900333260005500462300003000517350002600547504002900573505106900602651002501671700002401696700003201720906004501752942001201797 00102ddc40708NFICaASLbASLcGENd2021-02-27eASB Library Collectionsl0o954.306 ASPp106682r2021-02-27 00:00:00tC-1w2021-02-27yBKzRARE c22434d224341259487BDDh-ASL20231015030131.0730926s1972 ii a b 000 0 eng  a 73901964  aDLCcDLCdDLCdBDDh-ASL aa-ii---00aDS437b.A8600a954.306bASP 00aAspects of Indian culture and society : bessays in felicitation of Professor Nirmal Kumar Bose / cEdited by Surajit Sinha. a[Calcutta]bIndian Anthropological Societyc[1972] a248 p. : billus.c25 cm. aRs30.00 ($10.00 U.S.) aIncludes bibliographies.0 aAnthropology of Nirmal Kumar Bose, by S. Sinha.--An outline framework for the study of politics in village India, by F. G. Bailey.--Anthropology of Indian civilization, by G. Sarana.--Sociology of national integration, by B. K. Roy Burman.--Aspects of social change in rural Bengal in the 19th century, by B. Ghose--Scope for urban anthropology and the city of Calcutta, by S. Sinha.--Clerks and skilled manual workers: some consideration for research on Calcutta, by A. Beteille.--The recent kings of Puri; a study in secularization, by N. Patnaik.--Gandhi the humanist, by B. Bhattacharyya.--Iron smelters and the indigenous iron & steel industry of India: from stagnation to atrophy, by S. Bhattacharyya.--Traditional modes of learning in Indian civilization, by B. Saraswati.--Curing and religion in South Asia, by D. G. Mandelbaum.--Religious architecture in Bengal (15th-17th century); a study of the major trends, by H. R. Sanyal.--Language, culture, and race in South India, by H. K. Rakshit.--An analysis of Mayurbhanj palaeolith industry, by A. K. Ghosh. 0aIndiaxCivilization.1 aBose, Nirmal Kumar.1 aSinha, Surajit,d1926-eed. a7bcbccorignewd4encipf19gy-gencatlg 2ddccBK